|
|
|
|
| LEADER |
00890nam a2200241 a 4500 |
| 001 |
4394809 |
| 008 |
100124s1993 nyua b 001 0 eng d |
| 010 |
|
|
|a 92009953
|
| 020 |
|
|
|a 0070118418
|
| 040 |
|
|
|a DLC
|c DLC
|d DLC
|d DB-DhAAL
|
| 082 |
0 |
0 |
|a 301/.09
|2 20
|
| 100 |
1 |
|
|a Collins, Randall,
|d 1941-
|
| 245 |
1 |
4 |
|a The discovery of society /
|c Randall Collins and Michael Makowsky.
|
| 250 |
|
|
|a 5th ed.
|
| 260 |
|
|
|a New York :
|b McGraw-Hill,
|c c1993.
|
| 300 |
|
|
|a x, 335 p. :
|b ill. ;
|c 24 cm.
|
| 504 |
|
|
|a Includes bibliographical references (p. 306-319) and index.
|
| 541 |
1 |
|
|e 00009640
|
| 650 |
|
0 |
|a Sociology
|x History.
|
| 700 |
1 |
|
|a Makowsky, Michael.
|
| 852 |
4 |
|
|a Ayesha Abed Library
|j General Shelf.
|
| 999 |
|
|
|c 7133
|d 7133
|
| 952 |
|
|
|0 0
|1 0
|2 ddc
|4 0
|6 301_090000000000000_COL_1993
|7 0
|9 7408
|a BRACUL
|b BRACUL
|c GEN
|d 2010-01-24
|l 2
|m 13
|o 301.09 COL
|p 3010009640
|r 2012-12-22
|s 2012-09-18
|t 1
|w 2010-01-24
|y BK
|